Responses for Show #6165 - Friday, June 3, 2011

Contestants

[<< previous game]

Nancy Hale, a textbook editor from New York, New York

Patrick Stubbins, a writer originally from Cincinnati, Ohio

Jericho Saria, a freelance video producer originally from Stockton, California (whose 1-day cash winnings total $29,201)

[next game >>]

Jeopardy! Round responses

THE OLYMPIAN GODS
ROCK OF AGELESS
ON A SWISS ARMY KNIFE
EXTRAORDINARY DENTITION
AT THE DRUGSTORE
"BEE" HAPPY
    $200 6
Poseidon

Patrick
    $200 14
Bob Dylan

Patrick
    $200 17
tweezers

Jericho
    $200 22
(Jericho: What is an elephant? ... What is, uh...)
(Alex: Be a little more specific.)
(Jericho: What is an African elephant?)

the tusks

JerichoPatrick
    $200 1
Visine

Jericho
    $200 11
beeswax

Patrick
    $400 7
Hermes

Nancy
    $400 15
The Who

Nancy
    $400 18
a corkscrew

Jericho
    $400 23
the incisors

Jericho
    $400 2
Ricola

Jericho
    $400 12
a beer garden

Patrick
    $600 8
Ares

Patrick
    $600 16
The Comets

Jericho
    $600 19
a screwdriver

Jericho
    $600 24
the alligator

Nancy
    $600 3
Secret

Jericho
    $600 13
beefalo

Nancy
    $800 9
Hera

Nancy
    $800 29
Eric Clapton

Patrick
    $800 20
a magnifying glass

Jericho
    $800 27
The Nutcracker

Jericho
    $800 4
Dr. Scholl's

Jericho
    $800 25
Beedle the Bard

Jericho
    $1000 10
Athena

Patrick
    $1000 30
Jerry Lee Lewis

Nancy
    $1000 21
a saw

Jericho
    $3,000 28
enamel

Jericho
    $1000 5
(Jericho: What is Jergens?)

Neutrogena

JerichoNancy
    $1000 26
(Nancy: What is Chateaubriand?)

beef wellington

Nancy
Triple Stumper

Scores at the first commercial break (after clue 15):

Jericho Patrick Nancy
$1,000 $2,600 $3,200

Scores at the end of the Jeopardy! Round:

Jericho Patrick Nancy
$9,400 $3,600 $3,800

Double Jeopardy! Round responses

TV SHOWS ON THE MAP
THE CHICAGO CODE
JERSEY SURE
KING OF QUEENS
THE STREETS OF SAN FRANCISCO
HAWAII 5-O
    $400 10
(Alex: Yes, good series.)

Deadwood

Patrick
    $400 19
(Nancy: What is The...)
(Alex: Say it! Oh, too much time.)

The Jungle

PatrickNancy
    $400 3
Atlantic City

Patrick
    $400 21
Solomon

Patrick
    $400 5
Fisherman's Wharf

Jericho
    $400 1
stomach

Patrick
    $3,000 11
(Alex: That's a place on the map, a TV show on the map.)

Miami Vice

Patrick
    $800 20
(Patrick: What is a tenement?)

a skyscraper

JerichoPatrick
    $800 15
a lottery

Patrick
    $800 22
Ivan the Terrible

Jericho
    $800 6
Lombard Street

Nancy
    $800 2
Oahu

Jericho
    $1200 12
Vega$

Nancy
    $1200 16
Trenton

Jericho
    $1200 23
(Nancy: Who is Henry?)
...
(Alex: [*] IV, yes.)

George

PatrickNancy
    $1200 7
(Jericho: What is cobblestone?)

wood

JerichoNancy
    $1200 4
fish

Nancy
    $1600 13
Boston Public

Patrick
    $1600 26
Whitman

Jericho
    $4,000 24
(Patrick: Uh, who is King Abdullah?)
(Alex: No, who is [*], his father? [*] of Jordan.)

King Hussein

Patrick
    $1600 8
César Chávez

Jericho
    $1600 17
a surfboard

Nancy
    $2000 14
Providence

Nancy
    $2000 27
(Jericho: What's Princeton?)
[The end-of-round signal sounds.]

Rutgers

JerichoNancy
    $2000 25
Ramses the Great

Triple Stumper
    $2000 9
(Nancy: What is Mission Avenue?)

Mission Street

JerichoNancy
    $2000 18
a ghost

Nancy

Scores at the end of the Double Jeopardy! Round:

Jericho Patrick Nancy
$15,400 $7,400 $12,200

[wagering suggestions for these scores]

Final Jeopardy! Round responses

WORLD HISTORY
(Alex: [Singing along with "Think!"'s final tympani beats] Bom, bom!)
PatrickWhat is Venice
$2,000
NancyWhat is Venice, Italy
$5,000
JerichoWhat is Venice?
$9,001
Venice

Final scores:

Jericho Patrick Nancy
$24,401 $9,400 $17,200
2-day champion: $53,602 3rd place: $1,000 2nd place: $2,000

Game dynamics:

Coryat scores:

Jericho Patrick Nancy
$13,400 $9,200 $12,200
22 R
(including 1 DD),
4 W
17 R
(including 1 DD),
2 W
(including 1 DD)
15 R,
4 W

Combined Coryat: $34,800

[game clues] [game scores] [suggest correction]

Game tape date: 2011-02-09
The J! Archive is created by fans, for fans. Scraping, republication, monetization, and malicious use prohibited; this site may use cookies and collect identifying information. See terms. The Jeopardy! game show and all elements thereof, including but not limited to copyright and trademark thereto, are the property of Jeopardy Productions, Inc. and are protected under law. This website is not affiliated with, sponsored by, or operated by Jeopardy Productions, Inc. Join the discussion at JBoard.tv.